|
|
|
|
| LEADER |
00000nkmaa2200000 a 4500 |
| 001 |
vtls011535105 |
| 003 |
SK-MaSNL |
| 005 |
20260331210322.0 |
| 007 |
kh bo |
| 008 |
251016e1945 xo | |||0 k|slo |
| 035 |
|
|
|a urn:nbn:sk:snk-km00cpks
|
| 035 |
|
|
|a urn:nbn:sk:snk-km3lqxz
|
| 035 |
|
|
|a 9FFC79D9-3864-441E-8FBF-8CB173A5093B
|
| 040 |
|
|
|a SNKLA
|b slo
|c SNKLA
|e AACR2
|
| 041 |
0 |
|
|a slo
|
| 044 |
|
|
|a xo
|c SK
|
| 100 |
1 |
|
|a Cích, Koloman,
|d 1916-1993
|4 pht
|9 183851
|
| 245 |
1 |
0 |
|a [Slávnosť odhalenia pamätného pomníka Ľudovíta Štúra v Modre]
|h grafika
|
| 260 |
|
|
|a [S.l.
|b s.n.]
|c 1945
|
| 300 |
|
|
|a 1 fotografia
|b čb
|c 19 x 13 cm
|
| 520 |
2 |
|
|a Zobrazenie: Slávnostné odhalenie pamätného pomníka Ľudovíta Štúra v Modre, 14.10.1945. Na obr.: Ján Štefánik počas prejavu.
|
| 600 |
1 |
7 |
|a Štúr, Ľudovít,
|d 1815-1856
|2 SNKMA
|9 92872
|
| 600 |
1 |
7 |
|a Štefánik, Ján,
|d 1901-1987
|2 SNKMA
|9 108876
|
| 611 |
2 |
7 |
|a slávnosť odhalenia pamätného pomníka Ľudovíta Štúra
|d 1945
|c Modra, Slovensko
|9 341094
|
| 650 |
0 |
7 |
|a pamätné pomníky
|2 SNKLA
|9 312239
|
| 651 |
|
7 |
|a Modra (Slovensko)
|2 SNKPH
|9 15238
|
| 655 |
|
7 |
|a fotografie
|2 SNKPH
|9 70713
|
| 710 |
2 |
|
|a Československá tlačová kancelária
|4 pht
|9 324511
|
| 852 |
7 |
|
|a Slovenská národná knižnica
|b Literárny archív
|
| 958 |
|
|
|a ZO
|
| 958 |
|
|
|a BLA
|
| 999 |
|
|
|c 856751
|d 858681
|
| 952 |
|
|
|a SNKLA
|b SNKLA
|c SNKLA_DEP
|y NEVYP
|7 0
|p 17A1007883
|o snkK 19/153
|i snkLA 654/1960
|0 0
|1 0
|4 0
|d 2016-03-16
|f 1
|l 0
|r 2026-02-24 04:59:57
|w 2026-02-24
|